|
|
|
|
| LEADER |
00000cam a2200000 i 4500 |
| 001 |
1/24248 |
| 008 |
060214s2004 gr | ||| |||| ||gre|| |
| 020 |
|
|
|a 9602117354
|
| 035 |
|
|
|l 10082628
|
| 040 |
|
|
|a GR-MY-UA
|b gre
|e aacr
|
| 041 |
1 |
|
|a gre
|h fre
|
| 082 |
7 |
|
|a 027.0944
|2 (22)
|
| 100 |
1 |
|
|a Farge, Arlette.
|
| 245 |
1 |
2 |
|a Η γεύση του αρχείου /
|c Arlette Farge ; πρόλογος-μετάφραση: Ρίκα Μπενβενίστε.
|
| 260 |
|
|
|a Αθήνα :
|b Νεφέλη,
|c 2004.
|
| 300 |
|
|
|a 137 σ. ;
|c 18 εκ.
|
| 490 |
1 |
|
|a (Ιστορία / Νεφέλη)
|
| 500 |
|
|
|a Μετάφραση του: Le gout de l'archive
|
| 650 |
0 |
0 |
|a Archives.
|
| 650 |
0 |
0 |
|a History
|x Sources.
|
| 700 |
1 |
|
|a Μπενβενίστε, Ρίκα,
|d 1959-
|e trlf
|e aui
|
| 765 |
0 |
8 |
|i Μετάφραση του:
|t Le gout de l'archive /
|
| 830 |
|
0 |
|a Ιστορία (Νεφέλη)
|
| 852 |
|
|
|a INST
|b LESVOS
|e 20060214
|h 027.0944 FAR
|p 005100034147
|q 005100034147
|t BK
|y 0
|
| 852 |
|
|
|a INST
|b LESVOS
|c EUDOXUS
|e 20211110
|h 027.0944 FAR
|p 005100063835
|q 005100063835
|t EDX
|y 0
|
| 852 |
|
|
|a INST
|b RHODES
|e 20070901
|h 027.0944 FAR
|p 005400026019
|q 005400026019
|t BK
|y 0
|
| 901 |
|
|
|a BIBL1-2006-1
|
| 901 |
|
|
|a BIBL4-2007-3
|
| 909 |
|
|
|a Λ
|b 125645
|
| 909 |
|
|
|a Ρ
|b 136332
|
| 920 |
|
|
|a ΕΠΕΑΕΚ ΠΜΣ ΓΥΝΑΙΚΕΣ KAI ΦΥΛΑ
|y Λέσβος
|z 2006-01
|
| 920 |
|
|
|a Εύδοξος
|b Επιστροφή
|y Λέσβος
|z 2021-11
|
| 922 |
|
|
|a 4ΕΛΗ
|b 200707
|c ΕΠΕΑΕΚ2/ΠΤΔΕ
|d Σ. ΠΑΤΑΚΗΣ
|
| 970 |
|
|
|a ΚΑΡΑ
|b ΓΙΑΣΕΜΗ
|z 2006/02/14
|